Essentials of materials science (Record no. 10163)

000 -LEADER
fixed length control field 00525nam a2200205 i 4500
001 - CONTROL NUMBER
control field 10163
003 - CONTROL NUMBER IDENTIFIER
control field BD-DhUET
008 - FIXED-LENGTH DATA ELEMENTS--GENERAL INFORMATION
fixed length control field 750604s1976 nyua b 001 0 eng
020 ## - INTERNATIONAL STANDARD BOOK NUMBER
International Standard Book Number 007025351X
040 ## - CATALOGING SOURCE
Original cataloging agency DLC
Transcribing agency DLC
Modifying agency BD-DhUET
082 00 - DEWEY DECIMAL CLASSIFICATION NUMBER
Classification number 620.112
Item number GUY/1976
100 ## - MAIN ENTRY--PERSONAL NAME
Personal name Guy, A. G.
245 10 - TITLE STATEMENT
Title Essentials of materials science
250 ## - EDITION STATEMENT
Edition statement 1st ed.
260 ## - PUBLICATION, DISTRIBUTION, ETC. (IMPRINT)
Place of publication, distribution, etc. New York
Name of publisher, distributor, etc. McGraw-Hill
Date of publication, distribution, etc. 1976
300 ## - PHYSICAL DESCRIPTION
Extent x, 468 p.
Other physical details ill.
Dimensions 24 cm.
504 ## - BIBLIOGRAPHY, ETC. NOTE
Bibliography, etc Includes bibliographies
650 #0 - SUBJECT ADDED ENTRY--TOPICAL TERM
Topical term or geographic name as entry element Materials science
942 ## - ADDED ENTRY ELEMENTS (KOHA)
Koha item type General Book
Holdings
Koha date last borrowed Sublocation or collection (holding branch) Location (home branch) Date acquired Koha full call number Withdrawn status Piece designation (barcode) Damaged status Shelving location Koha item type Source of classification or shelving scheme Not for loan Koha issues (times borrowed) Price effective from Koha normalized classification for sorting Copy number Lost status Koha date last seen
 Central Library, BUETCentral Library, BUET2015-02-04620.112/GUY/1976 55525 Circulation sectionGeneral Book   2015-02-04620_112000000000000_GUY_19761 2015-02-04
2021-08-28Central Library, BUETCentral Library, BUET2015-02-09620.112/GUY/1976 44327 Circulation sectionGeneral Book  12015-02-09620_112000000000000_GUY_19762 2021-08-28